Soviet union (USSR) leaders - Sudden death! - Statistics

General Stats
  • This quiz has been taken 649 times
  • The average score is 5 of 16
Answers on the Grid
Answers color-coded by a green-red scale on the quiz's grid according to % correct below.
Yuri Andropov
Leonid Brezhnev
Lev (Leon) Trotsky
Grigory Zinoviev
Boris Yeltsin
Vladimir Putin
Alexei Kosygin
Nikolai Podgorny
Andrei Gromyko
Sergei Dyatlov
Dmitry Ustinov
Konstantin Chernenko
Joseph Stalin
Lev Kamenev
Alexander Bogdanov
Dmitry Medvedev
Nikita Khrushchev
Vladimir Lenin
Lazar Kaganovich
Nikolai Bukharin
Lavrentiy Beria
Nikolai Bukharin
Georgy Malenkov
Mikhail Gorbachev
Vyacheslav Molotov
Trofim Lysenko
Georgy Zhukov
Mikhail Kalinin
Mikhail Tomsky
Yevgeni Preobrazhensky
Leonid Serebryakov
Alexei Rykov
 
Answer Stats
Answer % Correct
Vladimir Lenin
73%
Joseph Stalin
72%
Mikhail Gorbachev
72%
Nikita Khrushchev
65%
Leonid Brezhnev
56%
Yuri Andropov
54%
Konstantin Chernenko
39%
Georgy Malenkov
27%
Lavrentiy Beria
11%
Vyacheslav Molotov
11%
Andrei Gromyko
6%
Lev Kamenev
6%
Grigory Zinoviev
5%
Alexei Kosygin
4%
Dmitry Ustinov
2%
Nikolai Podgorny
2%
No matching quizzes found
Score Distribution
Percent of People with Each Score
Percentile by Number Answered
Your Score History
You have not taken this quiz